000 00318nam a2200133Ia 4500
008 230917s9999||||xx |||||||||||||| ||und||
040 _e131525
_aMAIN
041 _aEnglish
082 _a658 C266C
245 0 _aCase studies in management v.5
260 _aHyderabad
_bICFAI
_c2004
300 _a388p p.
942 _cBK
999 _c139803
_d139803